Представление документа в формате MARC21

Поле Инд. ПП Название Значение
Тип записи a
Библиографический уровень m
001 Контрольный номер RU/IS/BASE/296216066
005 Дата корректировки 20160317113639.1
040 a Служба первич. каталог. НБ ТвГУ
b Код языка каталог. rus
e Правила каталог. PSBO
041 0_ a Код языка текста rus
080 a Индекс УДК 711.2(075.8)
084 a Индекс другой классификации/Индекс ББК Щ118.1я73-1
090 a Полочн. индекс Щ118.1
x Авторский знак Р 18
245 10 a Заглавие Районная планировка
b Продолж. заглавия задания и методические указания для студентов специальности "География"
c Ответственность сост. С. И. Яковлева
260 a Место издания Тверь
b Издательство Тверской государственный университет
c Дата издания 2009
300 a Объем 50 с.
b Иллюстрации/ тип воспроизводства ил., табл., карты
504 a Библиография Библиогр.: с. 49-50
653 0_ a Ключевые слова Градостроительство
a Ключевые слова Районная планировка
a Ключевые слова Учебники для вузов
a Ключевые слова Труды Тверского государственного университета
700 12 a Другие авторы Яковлева С. И.
e Роль лиц сост.
901 t Тип документа m
920 a Оператор Густ
a Оператор Карл
952 c Вид литературы Б у
954 a Дата поступления на обработку 20090521